000 00521nam a22001697a 4500
005 20251108171933.0
008 250721s1993 xx 000 0 ara d
082 1 4 _a157.7/رشا
100 1 _aموسى، رشاد علي عبد العزيز
245 1 0 _aدراسات في علم النفس المرضي /
264 1 _aالقاهرة :
_bدار عالم المعرفة،
_c1993.
300 _a784ص
650 1 7 _aعلم النفس المرضي
650 1 7 _aعلم النفس
942 _2ddc
_cBK
999 _c66361
_d66361